|
|
|
|
| LEADER |
01439nam a2200325 a 4500 |
| 001 |
13042419 |
| 005 |
20061101084102.0 |
| 008 |
110306r20052004maua b 001 0 eng d |
| 010 |
|
|
|a 2002045535
|
| 020 |
|
|
|a 0070587396
|
| 020 |
|
|
|a 0072823119 (alk. paper)
|
| 020 |
|
|
|a 0071214984 (international : alk. paper)
|
| 040 |
|
|
|a DLC
|c DLC
|d DLC
|d BD-DhAAL
|
| 050 |
0 |
0 |
|a HF5548.32
|b .O27 2004
|
| 082 |
0 |
0 |
|a 658.4/038
|2 21
|
| 100 |
1 |
|
|a O'Brien, James A.,
|d 1936-
|
| 245 |
1 |
0 |
|a Management information systems :
|b managing information technology in the business enterprise /
|c James A. O'Brien.
|
| 250 |
|
|
|a 6th ed.
|
| 260 |
|
|
|a Boston ;
|a New Delhi :
|b Tata McGraw-Hill/Irwin,
|c c2004 [reprinted 2005].
|
| 300 |
|
|
|a 1 v. (various pagings) :
|b col. ill. ;
|c 29 cm.
|
| 504 |
|
|
|a Includes bibliographical references and index.
|
| 541 |
1 |
|
|e 00013703
|
| 650 |
|
0 |
|a Electronic commerce.
|
| 650 |
|
0 |
|a Information technology
|x Management.
|
| 650 |
|
0 |
|a Management information systems.
|
| 650 |
|
0 |
|a Business
|x Data processing.
|
| 852 |
|
|
|a Ayesha Abed Library
|c General Shelf.
|
| 999 |
|
|
|c 10513
|d 10513
|
| 952 |
|
|
|0 0
|1 0
|2 ddc
|4 0
|6 658_403800000000000_ORB
|7 0
|9 14570
|a BRACUL
|b BRACUL
|c GEN
|d 2011-03-06
|g 545.00
|l 10
|m 69
|o 658.4038 ORB
|p 3010013703
|r 2025-08-19
|s 2025-08-11
|t 1
|w 2011-03-06
|y BK
|
| 952 |
|
|
|0 0
|1 0
|2 ddc
|4 0
|6 658_403800000000000_ORB
|7 0
|9 14574
|a BRACUL
|b BRACUL
|c GEN
|d 2011-03-06
|l 3
|m 19
|o 658.4038 ORB
|p 3010014835
|r 2018-01-26
|s 2018-01-15
|t 2
|w 2011-03-06
|y BK
|